Sports Quiz

Random Sports or NFL Quiz

NFL Super Bowl Venues Quiz Stats

 Plays Quiz Updated Feb 1, 2021

     
Support Sporcle.
Go Orange.
Score 0/55 Timer 06:00
1 Play Today
Super Bowl Stadium % Correct
XLVIIMercedes-Benz Superdome
87.6%
XIILouisiana Superdome
86.2%
XVLouisiana Superdome
86.2%
XXLouisiana Superdome
86.2%
XXIVLouisiana Superdome
86.2%
XXXILouisiana Superdome
86.2%
XXXVILouisiana Superdome
86.2%
LIVHard Rock Stadium
76.2%
XLVIIIMetLife Stadium
74.4%
XIRose Bowl
70.1%
XIVRose Bowl
70.1%
XVIIRose Bowl
70.1%
XXIRose Bowl
70.1%
XXVIIRose Bowl
70.1%
XXIIIJoe Robbie Stadium
70%
XXIXJoe Robbie Stadium
70%
XXXIIIPro Player Stadium
70%
XLIDolphin Stadium
70%
IIMiami Orange Bowl
64%
IIIMiami Orange Bowl
64%
VMiami Orange Bowl
64%
XMiami Orange Bowl
64%
XIIIMiami Orange Bowl
64%
LVRaymond James Stadium
62.4%
XLFord Field
62%
50Levi's Stadium
61.5%
XLVILucas Oil Stadium
59.6%
LIIIMercedes-Benz Stadium
58.5%
Super Bowl Stadium % Correct
XLIXUniversity of Phoenix Stadium
58.2%
XLIIUniversity of Phoenix Stadium
57.7%
LINRG Stadium
56.3%
XXIIJack Murphy Stadium
53.5%
XXXIIQualcomm Stadium
53.1%
XXXVIIQualcomm Stadium
53.1%
XXVIIIGeorgia Dome
52.6%
XXXIVGeorgia Dome
52.6%
XXVIHubert H. Humphrey Metrodome
51.5%
XXXVRaymond James Stadium
47.9%
XLIIIRaymond James Stadium
47.9%
ILos Angeles Memorial Coliseum
47.8%
VIILos Angeles Memorial Coliseum
47.8%
LIIU.S. Bank Stadium
46%
XXXVIIIReliant Stadium
42.8%
XVIPontiac Silverdome
40.9%
XLVCowboys Stadium
38.2%
XLIVSun Life Stadium
35.6%
XXXIXALLTEL Stadium
34.6%
XXXSun Devil Stadium
34.5%
IVTulane Stadium
28.9%
VITulane Stadium
28.9%
IXTulane Stadium
28.9%
XVIIITampa Stadium
25.8%
XXVTampa Stadium
25.8%
XIXStanford Stadium
25%
VIIIRice Stadium
19.1%

From the Vault

Which Show? Cartoon Guys

by mhershfield

A whole lot of dysfunction here.
Remove Ads.
Support Sporcle.
Get the best of Sporcle when you Go Orange. This ad-free experience offers more features, more stats, and more fun while also helping to support Sporcle. Thank you for becoming a member.

Show Comments

Extras

Top Quizzes Today


Score Distribution

Your Account Isn't Verified!

In order to create a playlist on Sporcle, you need to verify the email address you used during registration. Go to your Sporcle Settings to finish the process.

Report this User

Report this user for behavior that violates our Community Guidelines.

Details: